MARC

LEADER 00000nab a2200000 ar4500
001 vtls009626573
003 SK-MaSNL
005 20260318114848.0
008 090710c2009 xo |||||||| 000 b|hun
015 |a SNBRB2009/07  |2 snkbucl 
038 |a SNKBUCL 
040 |a DSZK  |b slo  |c DSZK  |e AACR2 
041 0 |a hun 
044 |a xo  |c SK 
080 |a 811.511.141`33  |x (437.6)  |2 2001 
080 |a 81`33:811.511.141  |x (437.6)  |2 2001 
080 |a 811.511.141`27  |x (437.6)  |2 2001 
080 |a 81`27:811.511.141  |x (437.6)  |2 2001 
100 1 |a Kövesdi, Károly,  |d 1953-  |4 ivr  |4 aut  |9 264403 
245 1 0 |a A nyelvet is tervezni kell  |c Kövesdi Károly, Misad Katalin 
300 |b Fotogr. 
600 1 7 |a Misad, Katalin,  |d 1961-  |t Nyelvi kontaktusok : szlovákiai magyar vonatkozású alkalmazott nyelvészeti tanulmányok  |2 snkbucl  |9 1227352 
610 2 7 |a Gramma (jazyková kancelária : Dunajská Streda, Slovensko)  |2 snkbucl  |9 851146 
650 0 7 |a maďarčina  |2 SNKPH  |9 1492 
650 0 7 |a jazykový kontakt  |2 SNKPH  |9 67904 
650 0 7 |a aplikovaná lingvistika  |2 SNKPH  |9 1885 
650 0 7 |a jazykové plánovanie  |2 snkbucl  |9 1230031 
651 7 |a Slovensko  |2 snkbucl  |9 14231 
655 7 |a rozhovory  |2 SNKPH  |9 31831 
700 1 |a Misad, Katalin,  |d 1961-  |4 ive  |4 aut  |9 108988 
740 0 2 |a Szlovákiai magyar vonatkozású alkalmazott nyelvészeti tanulmányok 
773 0 |t Vasárnap  |g Évf. 42, sz. 28 (2009), o. 14-15 
852 |a SNK  |b KIS3GCP 
852 |a DSZK  |b KIS3GCP 
958 |a HU 
958 |a SK 
999 |c 3293262  |d 3295192